Normal view
MARC view
- Kessides, Ioannis N.
Entry Personal Name
001 - CONTROL NUMBER
- control field: 4617
003 - CONTROL NUMBER IDENTIFIER
- control field: CBULib
005 - DATE AND TIME OF LATEST TRANSACTION
- control field: 20250528084126.0
008 - FIXED-LENGTH DATA ELEMENTS
- fixed length control field: 250528|| aca||aabn | a|a d
040 ## - CATALOGING SOURCE
- Original cataloging agency: CBULib
100 ## - HEADING--PERSONAL NAME
- Personal name: Kessides, Ioannis N.